000 00534nam a2200217 i 4500
001 C2-0304228
003 PPAK
005 20180728085241.0
008 100509s1963 xx |||| ||||| | eng d
040 _aPPAK
_beng
_cPPAK
_erda
082 0 4 _a891.4
_223
090 0 0 _a891.4
_bFRA
_dKIH
100 1 _aFrancisco, juan r.,
_eauthor
245 1 0 _aKalidasa : his nature beauty
264 1 _c1963
300 _c22 cm
336 _2rdacontent
_atext
337 _2rdamedia
_aunmediated
338 _2rdacarrier
_avolume
942 _ddc
_cB
999 _c107380
_d107380